000 00948nam a2200241 i 4500
001 149126
003 ES-MaACL
005 20260104152443.0
007 t|
008 070214s1980 be |||| | mul d
111 2 _aSymposium Aristotelicum
_n(2º.
_d1960.
_cLovaina, Bélgica)
_9174669
245 1 0 _aAristote et les problèmes de méthode :
_bcommunications présentées au "Symposium Aristotelicum" tenu á Louvain, du 24 août au 1er septembre 1960.
250 _a2è éd.
260 _aLouvain-la-Neuve :
_bInstitut Supérieur de Philosophie,
_c1980.
300 _a362 p. ;
_c24 cm.
490 1 _aAristote: traductions et études
546 _aTexto en francés, inglés y alemán.
600 0 4 _aAristóteles-
_xCrítica e interpretación.
_922862
710 2 _aInstitut Supérieur de Philosophie (Louvain)
_94772
830 1 _aAristote: traductions et études
_9184405
852 4 _aES-MaACL
_jL-11875
999 _c149126
_d149126